[Event "22nd ECCC Women 2017"]
[Site "Antalya"]
[Date "2017.10.13"]
[Round "5"]
[White "Dzagnidze, Nana"]
[Black "Zhukova, Natalia"]
[Result "1-0"]
[WhiteElo "2520"]
[BlackElo "2426"]
[Annotator "TA"]
[PlyCount "153"]
[EventType "team-tourn"]
[EventCountry "TUR"]
[SourceTitle "playchess.com"]
[Source "ChessBase"]
[SourceQuality "1"]
[WhiteTeam "Batumi"]
[BlackTeam "Bossa Nova"]

{[%evp 9,153,-23,-24,-21,-32,-29,-27,-47,-48,-32,-43,-61,-64,-78,-19,-71,-31,-79,-39,-29,-11,-28,14,15,13,13,35,12,64,75,56,22,13,28,18,31,184,184,183,171,174,151,185,191,213,210,210,212,235,211,235,202,237,212,235,235,224,221,221,221,236,236,241,241,230,239,237,229,229,229,231,214,228,214,214,214,239,239,239,239,241,221,249,249,249,249,249,249,249,249,329,335,329,295,310,303,289,207,482,482,460,448,403,0,395,396,387,90,95,0,179,179,184,179,187,177,184,177,214,214,236,227,234,189,201,97,90,107,179,85,318,319,297,158,636,636,29958,29956,29987,29988,29988,29989,29990,29991,29992,29993]} 1. Nf3 Nf6 2. c4 c5 3. Nc3 e6 4. e4 Nc6 5. d3 d5 {LiveBook: 12 Partien} 6. cxd5 {A34: Englische Eröffnung (Symmetrische Variante)} exd5 7. Bg5 {Droht stark exd5.} Be7 8. Be2 {Schwarz hat minimalen Vorteil.} O-O 9. O-O Be6 10. Rc1 Rc8 $146 ({Vorgänger:} 10... h6 11. Bh4 d4 12. Na4 g5 13. Bg3 Nd7 {½-½ (23) Csom,I (2540)-Varga,Z (2480) Budapest 1992}) 11. Re1 a6 (11... h6 $17 12. exd5 Nxd5 13. Bxe7 Ndxe7) 12. h3 (12. exd5 $11 {hält das Gleichgewicht.} Bxd5 13. Nxd5 Qxd5 14. Qa4) 12... h6 (12... d4 $5 {[%cal Rd4c3]} 13. Nb1 Bxa2 14. Bxf6 Bxf6 15. Rxc5 Qb6 $17) 13. Bh4 b5 14. a4 d4 15. axb5 dxc3 16. bxc6 cxb2 17. Rb1 Rxc6 18. Rxb2 Nd7 (18... Rb6 $11 19. Qb1 Rxb2 20. Qxb2 Bd7) 19. Bxe7 Qxe7 20. d4 cxd4 21. Nxd4 Rd6 22. Rd2 {Sf5 ist eine echte Drohung.} Nc5 $2 (22... Qg5 $1 $14) 23. Nf5 $18 Bxf5 24. Rxd6 Nxe4 25. Rd4 $36 {[%mdl 2048] Weiss hat starke Initiative.} ({Und nicht} 25. Rxa6 Qc5 $11) 25... Qf6 26. Bf1 Nc5 {beabsichtigt ...Lc2.} 27. Rd6 Ne6 28. Rxa6 Qg5 29. Ra3 Rd8 30. Qc1 Qh4 31. Rc3 Kh7 32. Rd1 Rb8 33. Bd3 Bxd3 34. Rcxd3 Nf4 35. Re3 $1 Qg5 {[%csl Gf4][%cal Rg5g2]} 36. Qc2+ Kg8 {[%csl Gf4][%cal Rg5g2]} 37. Qe4 Ne6 38. Qe5 Qxe5 39. Rxe5 {[%mdl 4096] Endspiel KTT-KTS} Rb7 40. g3 g6 41. Red5 Nf8 42. Ra1 h5 43. Rda5 Ne6 44. Ra7 Rb5 45. Kg2 h4 46. R1a5 Rb2 47. Ra2 Rb5 48. gxh4 Nf4+ 49. Kh2 Rh5 50. R2a5 Rh7 51. Kg3 Nh5+ 52. Kf3 Nf6 53. Rb7 Kg7 $2 (53... Rxh4 54. Ra8+ Kg7) 54. Raa7 Kg8 55. Ke3 Kf8 56. Kf3 Kg8 $1 57. Kf4 Kf8 58. Ke5 $2 (58. Ke3 $18) 58... Rh5+ $16 59. Kf4 (59. Kd6 $16 Ne4+ 60. Kc6) 59... Rxh4+ $2 (59... Rh7 $1 $11 {und Schwarz muss sich keine Sorgen machen.} 60. h5 Nxh5+ 61. Kg5 Kg8) 60. Kg3 $18 Rh7 61. f3 Nh5+ 62. Kf2 Nf4 63. h4 Nh5 64. Ke3 Nf6 65. f4 Nh5 66. Rc7 Ng3 67. Kd4 (67. Kf3 $18 Nf5 68. h5 Nd4+ 69. Kf2 gxh5 70. Rd7) 67... Ne2+ 68. Ke4 {Und weiter mit Td7 wäre nett.} Ng3+ {[#]} (68... Nc3+ $16 69. Kd3 (69. Rxc3 f5+ 70. Ke5 Rxa7 $14) 69... Nd5) 69. Kd3 (69. Kf3 $1 $18 {[%cal Rf3g3] bietet bessere Gewinnchancen.} Nf5 70. h5 gxh5 71. Rc5) 69... Nf5 $2 (69... Nh5 $16 {war nötig.}) 70. h5 $1 {[%cal Rh5g6]} gxh5 71. Ke4 (71. Ra8+ $18 Kg7 72. Rc5) 71... Ng3+ $2 (71... Nd6+ $16 72. Kd5 Ne8) 72. Ke5 h4 {[#]} 73. f5 $1 {[%cal Bf4f5,Bf5f6][%mdl 32] Weiß setzt Matt.} Kg8 74. Rc8+ Kg7 75. f6+ Kh6 76. Ra4 Kh5 77. Rcc4 {Precision: Weiß = 56%, Schwarz = 37%.} 1-0

[Event "22nd ECCC Women 2017"]
[Site "Antalya"]
[Date "2017.10.12"]
[Round "5"]
[White "Batsiashvili, Nino"]
[Black "Zaiatz, Elena"]
[Result "1/2-1/2"]
[WhiteElo "2472"]
[BlackElo "2334"]
[Annotator "TA"]
[PlyCount "122"]
[EventType "team-tourn"]
[EventCountry "TUR"]
[SourceTitle "playchess.com"]
[Source "ChessBase"]
[SourceQuality "1"]
[WhiteTeam "Batumi"]
[BlackTeam "Bossa Nova"]

{[%evp 13,122,4,7,7,7,7,12,8,7,0,8,0,7,1,8,4,18,0,0,0,0,0,0,0,0,0,0,0,0,0,9,0,0,-77,-80,-187,-89,-106,-54,-169,-29,-33,-22,-31,-24,-46,7,0,243,242,259,252,252,250,250,21,251,251,258,271,509,507,501,471,462,512,512,511,511,509,432,417,516,0,403,36,20,84,375,0,0,0,0,0,0,0,0,0,0,0,0,0,0,0,0,0,0,0,0,0,0,0,0,0,0,0,0,0,0,0,0]} 1. d4 Nf6 2. Bf4 d5 3. e3 g6 4. Nf3 Bg7 5. Be2 O-O 6. O-O c5 7. c3 b6 {LiveBook: 16 Partien. D02: Damenbauernspiele} (7... Nc6 8. Ne5 Qb6 9. Qb3 Nxe5 10. Bxe5 Nd7 11. Bxg7 Kxg7 12. Nd2 Nf6 13. Qa3 cxd4 14. cxd4 Bd7 15. Rac1 Rfc8 16. Nf3 Bg4 17. h3 {½-½ (17) Berkes,F (2648)-Yu,Y (2738) Moscow 2017}) 8. a4 Nc6 9. Ne5 Bb7 10. Nd2 Nd7 {[%cal Rc6e5]} 11. Nxc6 Bxc6 12. Nf3 a6 13. Qc2 $146 ({Vorgänger:} 13. b4 c4 {½-½ (22) Zach,A (2338)-Wolfsteiner,H (2287) Bayern 2011}) 13... Re8 14. Rfd1 Qc8 15. c4 Qb7 16. dxc5 e5 17. Bg3 {Mit der Idee cxd5.} Nxc5 18. b4 $1 {[%cal Rb4c5]} Ne4 19. b5 axb5 20. axb5 Rxa1 21. Rxa1 Bd7 22. Rd1 Bf5 23. Qb3 {[#]} (23. Qb2 $1 $11 {hält das Gleichgewicht.}) 23... d4 $1 $17 {[%mdl 512]} 24. Bf1 {[#]} (24. exd4 $17 exd4 25. Bf1) 24... Nc5 (24... d3 $1 $19 {[%mdl 512] ist viel giftiger.} 25. Qb4 (25. Qxd3 Nxg3) 25... Nxg3 26. hxg3 e4) 25. Qb2 {[%cal Re3d4]} Bg4 (25... dxe3 $17 26. fxe3 Bg4) 26. Re1 ({Lieber} 26. exd4 $15 exd4 27. Re1 Rxe1 28. Nxe1) 26... Bxf3 (26... d3 $1 $19 {Droht stark ...e4.} 27. Bxe5 Rxe5 $1 {[%mdl 512]} 28. Nxe5 Bxe5 29. Qxe5 d2) 27. exd4 $1 $11 Ne6 {Und weiter mit ...e4 wäre nett.} 28. gxf3 exd4 29. Qa3 Ra8 (29... Qd7 $15) 30. Qd6 Rd8 $2 (30... Re8 $11 {und Schwarz ist OK.}) 31. Rxe6 $1 $18 Rxd6 32. Re8+ Bf8 33. Bxd6 Qd7 34. Rxf8+ Kg7 35. Bb4 $1 d3 {Und ...d2 würde nun gewinnen.} 36. Rb8 d2 $2 (36... h5 37. Bc3+ (37. Rxb6 Qd8 $11) 37... f6) 37. Bf8+ Kf6 38. Rxb6+ Kg5 39. Rd6 $1 {[%cal Rd6d7]} d1=Q 40. Rxd7 Qxd7 41. c5 $1 Qd5 42. Bd6 f5 43. f4+ $2 (43. b6 $18) 43... Kh4 $2 {[%mdl 8192] [#]} (43... Kf6 $11) 44. h3 $2 (44. Be7+ $1 $18 g5 45. c6 (45. fxg5 Qe4 $11) (45. Bxg5+ Kh5 $11)) 44... g5 $14 45. Be7 Kh5 $2 {[%mdl 8192] [#]} (45... Qe6 $16 {ist eine bessere Verteidigung.} 46. Bd8 (46. Bxg5+ Kh5 $11) 46... Qd5 47. Bxg5+ Kh5) 46. fxg5 $2 ({Der einzige Zug:} 46. c6 $1 $18) 46... Qe6 $11 {Die Stellung ist ausgeglichen.} 47. Bd6 {Droht b6 und aus.} Kxg5 48. b6 Qe4 $1 49. Bg2 Qe1+ $1 50. Bf1 Qe4 51. Bg2 Qe1+ $1 52. Kh2 {Schwarz muss nun b7 beachten.} f4 53. b7 Qxf2 {( -> ...f3)} 54. b8=Q Qg3+ $1 55. Kg1 {Droht Matt per Le7+.} Qe3+ 56. Kf1 {jetzt Lxf4+ und aus.} Qc1+ 57. Kf2 Qe3+ 58. Kf1 Qc1+ 59. Ke2 Qc2+ 60. Ke1 Qc1+ 61. Kf2 {Weiss will mit Dg8+ Matt setzen.} Qe3+ {Precision: Weiß = 60%, Schwarz = 53%.} 1/2-1/2

[Event "22nd ECCC Women 2017"]
[Site "Antalya"]
[Date "2017.10.12"]
[Round "5"]
[White "Atalik, Ekaterina"]
[Black "Kaplan, Ebru"]
[Result "1-0"]
[WhiteElo "2468"]
[BlackElo "2001"]
[Annotator "TA"]
[PlyCount "81"]
[EventType "team-tourn"]
[EventCountry "TUR"]
[SourceTitle "playchess.com"]
[Source "ChessBase"]
[SourceQuality "1"]
[WhiteTeam "Anatolia"]
[BlackTeam "Mediterranean"]

{[%evp 24,81,12,10,113,113,135,144,141,114,214,82,125,135,154,132,140,118,116,84,179,179,165,62,63,65,48,56,100,109,95,90,110,97,169,177,167,160,206,208,203,194,381,362,498,497,483,338,345,328,485,443,608,607,601,589,600,593,591,572]} 1. d4 d5 2. c4 c6 3. Nf3 Nf6 4. Nc3 e6 5. e3 Nbd7 6. Qc2 Bd6 7. Be2 O-O 8. O-O dxc4 9. Bxc4 b5 10. Be2 Bb7 11. e4 e5 12. dxe5 {D46: Damengambit (Halbslawisch)} Nxe5 13. Nd4 {[#] LiveBook: 90 Partien} Nfg4 $146 (13... Neg4 $11 {bleibt in der Remisbreite.} 14. Nf3 b4) ({Vorgänger:} 13... b4 14. Nf5 bxc3 15. Rd1 Ne8 16. Qxc3 Qf6 17. f4 Bc7 18. fxe5 Qxe5 19. Qxe5 Bxe5 {½-½ (41) Le,Q (2739)-Sasikiran,K (2676) Ashkhabad 2017}) 14. h3 $16 {Weiß steht besser.} Nxf2 15. Rxf2 {zielt auf Le3 ab.} Bc5 16. Nf5 Qb6 {[#]} (16... Bxf2+ $16 17. Kxf2 Bc8) 17. Bf1 (17. Nd1 $1 $18 {und der Rest ist Schweigen.}) 17... g6 18. Nh6+ Kg7 19. Ng4 Nxg4 20. hxg4 Bc8 21. e5 f6 (21... Bxf2+ $16 {kämpft weiter.} 22. Qxf2 Qxf2+ 23. Kxf2 f6) 22. Ne4 $18 Bxf2+ 23. Qxf2 (23. Nxf2 $18 {Droht stark Dc3.} fxe5 24. Qe2) 23... fxe5 $14 24. Qxb6 axb6 25. Be3 c5 26. Bxb5 Bxg4 27. Bd2 Bf5 28. Nf2 {[%mdl 1024] Weiss hat starke Kompensation.} Be6 (28... h5 $16 {war nötig.}) 29. a3 $18 Rad8 30. Bc3 Rf5 {[#]} 31. Re1 $1 Kg8 32. Bxe5 Rd2 $2 (32... h5 33. Bc7 Rd2) 33. Bc3 Rd6 34. Ne4 Rd8 35. Nf6+ Kf7 36. Ng4 ({Jedoch nicht} 36. Nxh7 Ba2) 36... Rh5 (36... Ke7 {ist eine bessere Verteidigung.} 37. Ne3 Rg5) 37. Ne5+ {Weiß steht klar auf Gewinn.} Kg8 38. Nc6 Rd6 {[#]} 39. Rxe6 $1 {[%mdl 512]} Rxe6 40. Bc4 Kf7 41. Nd8+ {Precision: Weiß = 69%, Schwarz = 29%.} 1-0

[Event "22nd ECCC Women 2017"]
[Site "Antalya"]
[Date "2017.10.13"]
[Round "5"]
[White "Ushenina, Anna"]
[Black "Okuyaz, Duru"]
[Result "0-1"]
[WhiteElo "2445"]
[BlackElo "2233"]
[Annotator "TA"]
[PlyCount "164"]
[EventType "team-tourn"]
[EventCountry "TUR"]
[SourceTitle "playchess.com"]
[Source "ChessBase"]
[SourceQuality "1"]
[WhiteTeam "UGRA"]
[BlackTeam "Marmara"]

{[%evp 9,164,41,47,28,50,30,39,31,35,28,29,37,81,69,57,59,65,61,56,40,47,45,39,25,71,69,62,56,51,71,68,66,128,99,102,100,114,90,98,112,93,102,102,104,108,95,96,108,120,112,113,0,0,-599,-586,-564,-542,-841,-825,-866,-754,-886,-660,-5385,-5381,-29981,-1574,-1063,0,-29980,-1603,-2245,-1235,-991,-782,-746,-740,-1114,-774,-931,-684,-693,-690,-690,-690,-570,-690,-645,-521,-633,-623,-655,-666,-1019,-1071,-862,-814,-1035,-898,-861,-768,-756,-630,-737,-739,-726,-726,-715,-691,-668,-663,-29959,-29960,-29952,-29959,-29963,-29958,-29945,-29942,-29950,-29957,-29948,-5589,-29975,-29969,-29976,-29972,-29974,-388,-29972,-29961,-29987,-29973,-29978,-29979,-29979,-29980,-29980,-29978,-29978,-29980,-29980,-29980,-29980,-29980,-29980,-29981,-29980,-29981,-29983,-29984,-29984,-29985,-29985,-29986,-29986,-29987]} 1. c4 e5 2. Nc3 Nc6 3. Nf3 Bc5 4. e3 d6 5. a3 a6 {LiveBook: 7 Games} 6. Be2 {A27: English Opening: Three Knights Variation} (6. d4 Ba7 7. dxe5 dxe5 8. Qxd8+ Kxd8 9. b4 f6 10. Bb2 Nge7 11. O-O-O+ Ke8 12. Be2 Kf7 {½-½ (42) Cheparinov,I (2677)-Fedorchuk,S (2624) Sibenik 2016}) 6... Nf6 7. Qc2 $146 ({Predecessor:} 7. d4 Ba7 8. dxe5 Nxe5 9. Nxe5 dxe5 10. Qxd8+ Kxd8 11. O-O c6 12. b4 Be6 13. b5 axb5 14. cxb5 Nd5 15. Rd1 Ke7 16. Na4 Bxe3 17. fxe3 Rxa4 18. Bd2 Rha8 19. e4 Rxe4 {0-1 (19) Duprey,F (1802)-Lee Luen Mang,A (1599) St Denis 2013}) 7... Bg4 8. h3 {White is slightly better.} Bh5 9. b4 Ba7 10. Bb2 Qe7 11. d3 Bg6 12. Nh4 Nd8 13. Bf3 c6 14. g3 Ne6 15. Bg2 Rd8 16. Ne2 Nc7 17. O-O $36 {[%mdl 2048] White has good play.} O-O 18. Rae1 d5 19. c5 Nd7 20. f4 f5 ({Black should try} 20... a5 $14) 21. e4 fxe4 22. Nxg6 hxg6 23. dxe4 d4 24. fxe5 d3 25. Qb3+ Kh7 26. Rxf8 ({Avoid the trap} 26. Qxd3 $2 Nxc5 27. Qb1 (27. Qe3 $2 Rd3 $19) 27... Nxe4+ 28. Kh2 Nd2 $19) 26... Nxf8 {[%cal Bd7f8,Bf8e6,Be6f4][%mdl 32]} 27. Nf4 d2 {[#]} 28. Rd1 $1 b6 29. cxb6 Bxb6+ 30. Kh1 (30. Kh2 $16) 30... Nfe6 $11 31. Qc2 $2 {[%mdl 8192] [#]} (31. Qf3 $11 Nxf4 32. gxf4) 31... Nxf4 $1 $19 32. gxf4 Qh4 33. Bc3 Be3 34. f5 Bf4 35. fxg6+ Kh8 {...Qg3 is the strong threat.} 36. Rf1 {aiming for Bxd2!} Qg3 $1 {[%csl Gf4,LRe5,LRg6][%cal Rg3h2]} 37. Kg1 Be3+ (37... Qh2+ $142 38. Kf2 Nb5 39. Bxd2 Bxd2 40. Qc4 Nc3 41. a4 Rf8+ 42. Qf7 Nxe4+ 43. Ke2 Rxf7 44. Rxf7 Qxg2+ 45. Kd3 Bxb4 46. Rd7 Qxh3+ 47. Kxe4 Qxd7 48. Ke3 Qh3+ 49. Ke2 Qg3 50. e6 Kg8 51. a5 Qxg6 52. Ke3 Qxe6+ 53. Kf4 Qh3 54. Ke5 Bc5 55. Kf4 g6 56. Kg5 Qf5+ 57. Kh6 Qh5#) 38. Kh1 Bf4 (38... Ne6 $19 39. Qd1 Bf4 40. Qh5+ Kg8 41. Qh7+ Kf8 42. Rxf4+ Qxf4 43. Bxd2 Rxd2) 39. Kg1 Qh2+ 40. Kf2 Rf8 {( -> ...Bg5+)} 41. Ke2 Qxg2+ 42. Rf2 Qxg6 43. Bxd2 Ne6 44. Kf1 Qh5 45. Qc3 Bxd2 46. Rxf8+ Nxf8 47. Qxd2 Qxh3+ 48. Kg1 Qg4+ 49. Kf1 Qxe4 50. Qc3 Qh1+ 51. Kf2 Ne6 52. Qg3 Qh5 53. Qd3 Qh4+ 54. Kf1 Qh1+ 55. Kf2 Qg2+ 56. Ke1 Qg1+ 57. Kd2 Qf2+ 58. Kc1 Qe1+ 59. Kc2 {Black should prevent Qh3+.} Qxe5 60. Qxa6 Nd4+ 61. Kd1 Qh5+ 62. Ke1 Qh1+ 63. Kd2 Qg2+ 64. Ke3 Nc2+ 65. Kf4 Qd2+ 66. Kg3 Qe3+ 67. Kh2 Qe5+ 68. Kh3 Nd4 $2 (68... Qf5+ {mates} 69. Kg3 Nd4 70. Qb6 Qf3+ 71. Kh2 Qh5+ 72. Kg3 Qf3+ 73. Kh2 Qf4+ 74. Kh3 Kh7 75. b5 Ne2 76. Kg2 Qg3+ 77. Kf1 Qf3+ 78. Qf2 Ng3+ 79. Ke1 Qh1+ 80. Kd2 Ne4+ 81. Ke2 Nxf2 82. bxc6 Nh3 83. c7 Qc1 84. Kf3 Qxc7 85. Ke3 Qd7 86. Ke4 g5 87. a4 Nf4 88. Ke5 Kg6 89. Ke4 Qd3+ 90. Ke5 Qd5#) 69. Qc8+ $2 (69. Qd3 $19) 69... Kh7 {Black mates.} 70. Qd8 Nf5 {[%csl Gf5][%cal Re5g3]} 71. Qd3 Qe3+ 72. Qxe3 Nxe3 {[%mdl 4096] Endgame KN-KPP} 73. a4 Nc2 74. b5 cxb5 75. axb5 {KN-KP} Nd4 76. b6 Nc6 77. Kg4 Kg6 78. Kf4 Kf6 79. b7 g5+ {[%cal Bg7g5,Bg5g4][%mdl 32]} 80. Ke4 Ke6 81. Kd3 Ke5 82. Ke3 g4 {Precision: White = 46%, Black = 71%.} 0-1

[Event "22nd ECCC Women 2017"]
[Site "Antalya"]
[Date "2017.10.12"]
[Round "5"]
[White "Shvayger, Yuliya"]
[Black "Sahin, Handenur"]
[Result "1-0"]
[WhiteElo "2442"]
[BlackElo "1960"]
[Annotator "TA"]
[PlyCount "145"]
[EventType "team-tourn"]
[EventCountry "TUR"]
[SourceTitle "playchess.com"]
[Source "ChessBase"]
[SourceQuality "1"]
[WhiteTeam "Beer Sheva"]
[BlackTeam "Aegean"]

{[%evp 23,145,53,57,50,53,34,34,30,39,19,20,0,0,2,40,7,28,17,46,45,44,36,47,35,53,37,42,52,54,39,59,48,58,28,31,29,47,31,39,35,46,40,35,0,62,64,95,56,64,60,81,70,72,45,97,97,97,99,140,141,180,184,183,183,186,186,193,193,193,185,193,189,195,195,230,193,237,230,235,214,190,201,205,191,235,233,227,63,94,43,54,10,69,61,139,67,75,64,94,87,94,83,104,89,241,225,518,254,506,497,597,596,1173,1177,1410,1331,2182,2251,1826,1980,1729,1610,1761,1575]} 1. e4 e5 2. Nf3 Nc6 3. Nc3 Nf6 4. Bb5 Bb4 5. O-O O-O 6. d3 {[%cal Bd2d3,Bd3d4,Bd4d5][%mdl 32]} Bxc3 7. bxc3 d6 8. Bg5 Qe7 9. Re1 Nd8 10. d4 Ne6 11. Bc1 c5 12. Bf1 Rd8 13. d5 {C49: Four Knights: 4 Bb5 Bb4} (13. g3 Nf8 14. Nh4 h6 15. a4 Qc7 16. a5 Bd7 17. Nf5 Ng6 18. Ne3 Ne7 19. dxe5 dxe5 20. Qf3 Qc6 21. Bd3 {½-½ (40) Ivanchuk,V (2731)-Nakamura,H (2786) Antalya 2013}) 13... Nf8 14. h3 Ng6 15. c4 {White is slightly better.} h6 16. g3 Rf8 17. Nh2 Nh7 18. Bg2 $146 ({Predecessor:} 18. Ng4 f5 19. exf5 Bxf5 20. Bg2 Qf7 {0-1 (38) Dresher,K (1912)-Mayer,J (2204) ICCF email 2011}) 18... Bd7 19. Rb1 Rab8 20. Ng4 Qd8 21. Ne3 Qc8 22. Kh2 b6 23. Qh5 Nf6 24. Qf3 Ne7 25. Qe2 Ng6 26. Qd3 Ne8 27. Nf5 Qd8 28. Re2 Ne7 29. Bd2 a6 30. Nxe7+ Qxe7 31. f4 f6 32. f5 Nc7 33. Bf3 Qd8 (33... b5 $11 34. Qb3 Ra8) 34. Rg2 $14 Kf7 35. g4 Rh8 36. h4 Qf8 37. Kg1 Ke7 38. Kf2 Kd8 (38... b5 $14) 39. Rgg1 $36 {[%mdl 2048] Black is under strong pressure.} Kc8 40. Qb3 Na8 41. a4 {[%cal Ba2a4,Ba4a5][%mdl 32]} Kc7 42. a5 b5 43. cxb5 Rxb5 44. Qa2 Qb8 45. Be2 Rxb1 46. Rxb1 Qa7 47. Qb2 Bc8 48. Be3 Bb7 49. Qc3 Kd7 50. Rg1 Nc7 51. g5 hxg5 52. hxg5 Rh2+ 53. Ke1 {Black must now prevent gxf6.} Ne8 54. gxf6 gxf6 55. Bc4 $2 {[#]} ({White should play} 55. Rg8 $18) 55... Qb8 56. Bb3 (56. Qb2 $16 Qc7 57. Kd1) 56... Ke7 57. Bf2 Rh8 (57... Bc8 $11) 58. Kd1 Qc7 (58... Bc8 $14) 59. Be1 (59. Ba4 $16) 59... Qd7 60. Bc4 Kf8 61. Qb3 Rh7 62. Bd2 Qc7 63. Qd3 Qc8 $2 (63... Qd7 $16 {was worth a try.}) 64. Qg3 $18 {[#] Strongly threatening Qg8+.} Rf7 $2 (64... Rh8 65. Ke2 Qd7) 65. Qg8+ Ke7 66. Be2 {[%cal Bc4e2,Be2h5,Bh5f7][%mdl 32] White is clearly winning.} Nc7 {[%cal Be8c7,Bc7b5,Bb5c3][%mdl 32]} 67. Qg6 Nb5 68. Bh5 Qf8 69. Bh6 Nc3+ 70. Ke1 Qe8 71. Qxf7+ Qxf7 72. Bxf7 Nxe4 73. Be6 {Precision: White = 51%, Black = 34%.} 1-0

[Event "22nd ECCC Women 2017"]
[Site "Antalya"]
[Date "2017.10.12"]
[Round "5"]
[White "Nechaeva, Marina"]
[Black "Hereklioglu, Sude"]
[Result "1-0"]
[WhiteElo "2431"]
[BlackElo "2165"]
[Annotator "TA"]
[PlyCount "77"]
[EventType "team-tourn"]
[EventCountry "TUR"]
[SourceTitle "playchess.com"]
[Source "ChessBase"]
[SourceQuality "1"]
[WhiteTeam "UGRA"]
[BlackTeam "Marmara"]

{[%evp 21,77,45,62,41,101,20,27,25,20,30,58,42,39,35,40,43,51,34,47,32,36,40,33,10,120,115,124,123,181,173,187,162,152,128,229,230,322,310,302,198,288,278,321,329,533,528,528,527,532,526,504,512,491,494,656,626,1729,1695]} 1. d4 Nf6 2. c4 g6 3. Nf3 Bg7 4. g3 O-O 5. Bg2 d6 6. O-O Nbd7 7. Nc3 e5 8. e4 exd4 9. Nxd4 Ne5 10. b3 Bd7 11. h3 a6 12. Rb1 $146 {E68: King's Indian: Fianchetto: 6...Nbd7 7 0-0 e5 8 e4} ({Predecessor:} 12. f4 Nc6 13. Nde2 Re8 14. Rb1 Rb8 15. b4 b5 16. cxb5 axb5 17. g4 h6 18. Be3 Nh7 19. a4 bxa4 {½-½ (37) Flear,C (2257)-Skripchenko,A (2453) Val d'Isere 2004}) 12... c5 (12... Nc6 $14) 13. Nf3 ({Better is} 13. Nde2 $16) 13... Nxf3+ $11 14. Qxf3 {White has an edge.} Bc6 15. Qd3 Qe7 16. a4 Rae8 {[%cal Rf6e4]} 17. Re1 Nd7 {[%cal Bf6d7,Bd7e5,Be5d3][%mdl 32]} 18. Nd5 Bxd5 19. Qxd5 Ne5 20. b4 Qe6 21. bxc5 dxc5 22. Rxb7 Rd8 (22... Qc8 $1 $11 23. Rb3 Rd8) 23. Qxe6 $16 fxe6 24. Be3 Nd3 (24... Rf7 $16 25. Rxf7 Kxf7) 25. Rd1 $18 Nb2 26. Rxd8 Rxd8 27. Bxc5 Nxc4 (27... Nxa4 $16 {might work better.} 28. Ba7 Bd4) 28. Bf1 Rd1 29. Kg2 Rc1 30. Ba7 a5 (30... Bf8 $142 31. e5 a5) 31. Rb5 Nd2 32. Be3 Rd1 $2 {[#]} (32... Rxf1 33. Rb8+ Kf7) 33. Be2 {White is clearly winning.} Re1 34. Bg4 ({Weaker is} 34. Bxd2 Rxe2 35. Be3 (35. Bxa5 Bd4 $16) 35... Bc3 $16) 34... Nxe4 35. Bxe6+ Kf8 36. Rxa5 Bc3 37. Ra7 Be5 38. Bd5 Nf6 39. Bc5+ {Precision: White = 51%, Black = 38%.} 1-0

[Event "22nd ECCC Women 2017"]
[Site "Antalya"]
[Date "2017.10.12"]
[Round "5"]
[White "Kovalevskaya, Ekaterina"]
[Black "Fataliyeva, Ulviyya"]
[Result "1/2-1/2"]
[WhiteElo "2411"]
[BlackElo "2348"]
[Annotator "TA"]
[PlyCount "95"]
[EventType "team-tourn"]
[EventCountry "TUR"]
[SourceTitle "playchess.com"]
[Source "ChessBase"]
[SourceQuality "1"]
[WhiteTeam "Legacy Square Capital"]
[BlackTeam "Odlar Yurdu"]

{[%evp 12,95,25,27,30,21,18,0,41,5,16,16,7,7,7,7,7,7,17,12,12,14,10,12,4,15,46,54,45,0,3,-77,-73,-64,-77,-72,-69,-68,-70,-76,-33,-27,-35,-112,-112,-112,-118,-114,-118,-131,-131,-175,-189,-180,-153,-137,-104,-86,-14,-14,-14,-14,-13,-20,-20,-20,-10,-10,-10,-122,-10,-12,-12,-16,-16,-16,-16,-13,-13,-13,-12,-13,-12,-43,-40,-1593]} 1. Nf3 d5 2. g3 Nf6 3. Bg2 e6 4. O-O Be7 5. c4 O-O 6. b3 a5 7. Nc3 Nbd7 {A14: English Opening: 1...e6 with b3 by White} (7... b6 8. Bb2 Bb7 9. d4 Nbd7 10. Ne5 c6 11. e4 Bb4 12. Nxd7 Nxd7 13. Qc2 Rc8 14. Rfd1 Be7 15. Rac1 dxe4 16. Nxe4 Nf6 17. Nxf6+ Bxf6 18. c5 Ba6 19. cxb6 Qxb6 20. Qc5 Qb5 21. Qa7 Ra8 22. Qc5 Rac8 23. Bf1 Qb7 24. Bg2 Qb5 {½-½ (24) Ramirez,A (2550)-Sevian,S (2585) Saint Louis 2017}) 8. d4 b6 9. cxd5 exd5 $146 {The position is equal.} ({Predecessor:} 9... Nxd5 10. Nxd5 exd5 11. Bf4 Bb7 12. Qc2 {1-0 (41) Schlemermeyer,W (2341)-Richter,M (2424) Berlin 2004}) 10. Bf4 Bb7 11. Rc1 c6 12. Ne5 Bb4 13. Na4 Nxe5 14. dxe5 Nd7 15. e4 {[%cal Re4d5]} Ba6 16. exd5 Bxf1 17. Qxf1 cxd5 18. Bxd5 {Strongly threatening e6.} Ra7 19. Qb5 Kh8 20. Rd1 {Threatens to win with Bc6.} Nc5 $1 21. Bf3 (21. Qxb6 $11 {keeps the balance.} Rd7 22. Qxd8 Rdxd8 23. Nxc5 Bxc5 24. Rd2) 21... Rd7 $17 22. Rxd7 Qxd7 23. Qxd7 Nxd7 24. Bc6 Rd8 25. Kg2 Bc5 26. Bg5 f6 27. Bxd7 ({White should try} 27. exf6 $15 gxf6 28. Nxc5 bxc5 29. Be3) 27... Rxd7 28. Nxc5 bxc5 29. exf6 gxf6 30. Bxf6+ $15 {[%mdl 4096] Endgame KR-KB} Kg8 31. Bc3 a4 $1 32. bxa4 {[#]} Rd3 $1 {[%cal Rd3c3]} 33. Be1 c4 {[%mdl 1024] White must now prevent ...c3. Black has strong compensation.} 34. Kf1 c3 (34... Ra3 $17 35. a5 Kf7) 35. Ke2 $11 c2 36. Bd2 Rd5 37. a5 Rxa5 (37... Rc5 $5 38. Bc1 $8 Rxa5 $11) 38. Kd3 $1 Rc5 39. Bc1 Kf7 40. Kd4 {[#]} (40. f4 $11) 40... Rc6 (40... Rh5 $1 $17 41. h4 Rf5) 41. Kd3 Ke6 42. h4 Kd5 43. h5 Rc4 44. f3 $1 Rc8 45. g4 Rc7 46. f4 Rc8 47. h6 Ke6 48. Ke4 $2 {[%mdl 40960] Precision: White = 54%, Black = 63%. . An unexpected result.} (48. a4 $15) 1/2-1/2